| 000 | 00884nam a2200253 i 4500 | ||
|---|---|---|---|
| 001 | 168932 | ||
| 003 | ES-MaACL | ||
| 005 | 20250812062530.0 | ||
| 008 | 080626s1952 sp f |||| | spa d | ||
| 080 | _a338.43(460) | ||
| 100 | 1 |
_aSouza Camara, Antonio de. _9138055 |
|
| 245 | 1 | 0 |
_aRuralidad peninsular / _cAntonio de Souza Camara. |
| 260 |
_aMadrid : _bAteneo, _c1952. |
||
| 300 |
_a42 p. : _b1 lám. ; _c19 cm. |
||
| 490 | 1 |
_aColección "O crece o muere" ; _v30 |
|
| 594 | _aEl original fue dado a conocer por el autor en el Ateneo de Madrid, el 4 de mayo de 1951. | ||
| 610 | 2 | 4 |
_aAteneo de Madrid- _vConferencias- _y1940-1982. _91908 |
| 650 | 4 |
_aZonas rurales- _zEspaña. _9174885 |
|
| 650 |
_aSociología rural. _917216 |
||
| 830 | 1 | 0 |
_aColección "O crece o muere" _v30 _9183476 |
| 852 | 4 |
_aES-MaACL _jJ-24 (30) |
|
| 852 | 4 |
_aES-MaACL _jJ-25 (30) |
|
| 999 |
_c168932 _d168932 |
||